Estrategias para enseñar a aprender (Record no. 9606)

MARC details
000 -LEADER
campo de control de longitud fija 01370nmc a2200433 a 4500
003 - IDENTIFICADOR DE NÚMERO DE CONTROL
campo de control AR-BaBNM
005 - FECHA Y HORA DE LA ÚLTIMA TRANSACCIÓN
campo de control 20251128205005.0
008 - DATOS DE LONGITUD FIJA--INFORMACIÓN GENERAL
campo de control de longitud fija 236019s1995 ||||||||||||||000 | spa||
020 ## - NÚMERO INTERNACIONAL ESTÁNDAR DEL LIBRO
Número Internacional Estándar del Libro 950-701-305-9
040 ## - FUENTE DE CATALOGACIÓN
Centro/agencia transcriptor AR-BaBNM
245 10 - MENCIÓN DEL TÍTULO
Título Estrategias para enseñar a aprender
Resto del título un enfoque cognitivo para todas las áreas y niveles
250 ## - MENCION DE EDICION
Mención de edición 1ª ed.
260 ## - PUBLICACIÓN, DISTRIBUCIÓN, ETC.
Lugar de publicación, distribución, etc. Buenos Aires
Nombre del editor, distribuidor, etc. Aique
Fecha de publicación, distribución, etc. 1995
300 0# - DESCRIPCIÓN FÍSICA
Extensión 227 p.
Otros detalles físicos diagr., tablas
490 #0 - MENCIÓN DE SERIE
Mención de serie Estrategias de aula
504 ## - NOTA DE BIBLIOGRAFÍA, ETC.
Nota de bibliografía, etc. Nota La bibliografía se encuentra al final de cada capítulo
650 #4 - PUNTO DE ACCESO ADICIONAL DE MATERIA--TÉRMINO DE MATERIA
Término de materia o nombre geográfico como elemento de entrada OBJETIVOS EDUCACIONALES
650 #4 - PUNTO DE ACCESO ADICIONAL DE MATERIA--TÉRMINO DE MATERIA
Término de materia o nombre geográfico como elemento de entrada TECNICAS DIDACTICAS
650 #4 - PUNTO DE ACCESO ADICIONAL DE MATERIA--TÉRMINO DE MATERIA
Término de materia o nombre geográfico como elemento de entrada METODOS DE ENSENANZA
650 #4 - PUNTO DE ACCESO ADICIONAL DE MATERIA--TÉRMINO DE MATERIA
Término de materia o nombre geográfico como elemento de entrada PSICOLOGIA DEL NINO
650 #4 - PUNTO DE ACCESO ADICIONAL DE MATERIA--TÉRMINO DE MATERIA
Término de materia o nombre geográfico como elemento de entrada PSICOLOGIA EVOLUTIVA
650 #4 - PUNTO DE ACCESO ADICIONAL DE MATERIA--TÉRMINO DE MATERIA
Término de materia o nombre geográfico como elemento de entrada PARTICIPACION DEL ALUMNO
650 #4 - PUNTO DE ACCESO ADICIONAL DE MATERIA--TÉRMINO DE MATERIA
Término de materia o nombre geográfico como elemento de entrada PROYECTOS DEL ALUMNO
650 #4 - PUNTO DE ACCESO ADICIONAL DE MATERIA--TÉRMINO DE MATERIA
Término de materia o nombre geográfico como elemento de entrada ROL DEL DOCENTE
650 #4 - PUNTO DE ACCESO ADICIONAL DE MATERIA--TÉRMINO DE MATERIA
Término de materia o nombre geográfico como elemento de entrada ENSENANZA DE LAS MATEMATICAS
650 #4 - PUNTO DE ACCESO ADICIONAL DE MATERIA--TÉRMINO DE MATERIA
Término de materia o nombre geográfico como elemento de entrada CIENCIAS SOCIALES
650 #4 - PUNTO DE ACCESO ADICIONAL DE MATERIA--TÉRMINO DE MATERIA
Término de materia o nombre geográfico como elemento de entrada LITERATURA
653 #0 - TÉRMINO DE INDIZACIÓN--NO CONTROLADO
Término no controlado CONSTRUCTIVISMO
653 #0 - TÉRMINO DE INDIZACIÓN--NO CONTROLADO
Término no controlado PROCESO DE ENSENANZA-APRENDIZAJE
653 #0 - TÉRMINO DE INDIZACIÓN--NO CONTROLADO
Término no controlado EDUCACION PRIMARIA
700 1# - ENTRADA AGREGADA--NOMBRE PERSONAL
Nombre de persona Jones, Beau Fly
Término indicativo de función/relación compilador
700 1# - ENTRADA AGREGADA--NOMBRE PERSONAL
Nombre de persona Palincsar, Annemarie Sullivan
Término indicativo de función/relación compilador
700 0# - ENTRADA AGREGADA--NOMBRE PERSONAL
Nombre de persona Ogle Donna Sederburg
Término indicativo de función/relación compilador
700 1# - ENTRADA AGREGADA--NOMBRE PERSONAL
Nombre de persona Carr, Eileen Glynn
Término indicativo de función/relación compilador
700 1# - ENTRADA AGREGADA--NOMBRE PERSONAL
Nombre de persona Wald, Miguel
Término indicativo de función/relación traductor
700 1# - ENTRADA AGREGADA--NOMBRE PERSONAL
Nombre de persona Marín, Marta
Término indicativo de función/relación revisión
942 ## - ELEMENTOS DE ENTRADA SECUNDARIOS (KOHA)
Tipo de ítem Koha Libros
998 ## - INFORMACIÓN DE CONTROL LOCAL (RLIN)
Iniciales del catalogador, CIN (RLIN) silvi
Holdings
Estatus retirado Estado de pérdida Fuente de la clasificación o esquema de estantería Estado de daño No para préstamo Biblioteca de origen Biblioteca actual Fecha de adquisición Total de préstamos Signatura topográfica completa Código de barras Visto por última vez Precio de reemplazo Tipo de ítem Koha Restricciones de uso Ubicación en estantería
    Clasificación Decimal Dewey     Liberty Liberty 28/11/2025   37.015.5 JON 101093 28/11/2025 28/11/2025 Libros    
    Clasificación Decimal Dewey     Liberty Liberty 28/11/2025   37.015.5 JON 101094 28/11/2025 28/11/2025 Libros    
    Clasificación Decimal Dewey     Liberty Liberty 28/11/2025   37.015.5 JON 101095 28/11/2025 28/11/2025 Libros    
    Clasificación Decimal Dewey   No para préstamo Liberty Liberty 28/11/2025   37.015.5 JON 106941 28/11/2025 28/11/2025 Libros Acceso restringido  
    Clasificación Decimal Dewey   No para préstamo Liberty Liberty 28/11/2025   37.015.5 JON 106942 28/11/2025 28/11/2025 Libros Acceso restringido